banner koha

Sistema de producao sequencial de arroz com forrageiras, em solos de cerrado de Roraima, 2: quicuio da Amazonia e guandu [Oryza sativa, Brachiaria humidicola, Cajanus cajan, Brasil] (Registro n. 277061)

MARC details
000 -LÍDER
campo de controle de tamanho fixo 01413nac a22003497a 4500
001 - NÚMERO DE CONTROLE
campo de controle BR8400026
003 - IDENTIFICADOR DO NÚMERO DE CONTROLE
campo de controle BR-BrBNA
005 - DATA E HORÁRIO DA ÚLTIMA TRANSAÇÃO
campo de controle 20240105115920.0
008 - CAMPO DE DADOS FIXOS--INFORMAÇÃO GERAL
campo de controle de tamanho fixo 230509b bl.|||m| |||| 00| 0 por d
040 ## - FONTE DA CATALOGAÇÃO
Instituição da catalogação original BR-BrBNA
Idioma da catalogação por
Instituição que transcreveu o registro Biblioteca Nacional de Agricultura
072 ## - CÓDIGO DE CATEGORIA DE ASSUNTO
Código de Categoria de Assunto F27; F25; F00
090 ## - NÚMERO DE CHAMADA LOCAL
Número de chamada 0150 BR8400026
100 1# - ENTRADA PRINCIPAL--NOME PESSOAL
Nome pessoal Gianluppi, V.
100 1# - ENTRADA PRINCIPAL--NOME PESSOAL
Nome pessoal Camargo, A.H.A.
100 1# - ENTRADA PRINCIPAL--NOME PESSOAL
Nome pessoal Serrao, E.A. de S.
110 1# - ENTRADA PRINCIPAL--NOME CORPORATIVO
Nome corporativo ou nome da jurisdição Unidade de Execucao de Pesquisa de Ambito Territorial de Boa Vista, RR (Brasil)
9 (RLIN) 10391
245 1# - TÍTULO
Título Sistema de producao sequencial de arroz com forrageiras, em solos de cerrado de Roraima, 2: quicuio da Amazonia e guandu [Oryza sativa, Brachiaria humidicola, Cajanus cajan, Brasil]
246 1# - FORMA VARIANTE DO TÍTULO
Título/título abreviado [Sequential rice production system with forage plants, in "cerrado" soils of Roraima, 2: Amazon "quicuio" and "guandu" [Oryza sativa, Brachiaria humidicola, Cajanus cajan, Brazil]]
260 3# - PUBLICAÇÃO, DISTRIBUIÇÃO, ETC.
Local de publicação, distribuição, etc. Boa Vista, RR (Brasil):
Data da publicação, distribuição, etc. 1983.
300 ## - DESCRIÇÃO FÍSICA
Extensão 4 p.
490 ## - TÍTULO DA SÉRIE
Título da série Pesquisa em Andamento - Unidade de Execucao de Pesquisa de Ambito Territorial de Boa Vista (Brazil)
Número do volume ou designação sequencial da série no. 5
ISSN - International Standard Serial Number ISSN 0101-8639
650 ## - ASSUNTO--TERMO TÓPICO
Cabeçalho tópico ou nome geográfico ARROZ
650 ## - ASSUNTO--TERMO TÓPICO
Cabeçalho tópico ou nome geográfico CAPIM QUICUIO
650 ## - ASSUNTO--TERMO TÓPICO
Cabeçalho tópico ou nome geográfico GUANDU
650 ## - ASSUNTO--TERMO TÓPICO
Cabeçalho tópico ou nome geográfico CONSORCIACAO DE CULTURA
650 ## - ASSUNTO--TERMO TÓPICO
Cabeçalho tópico ou nome geográfico ADUBACAO
650 ## - ASSUNTO--TERMO TÓPICO
Cabeçalho tópico ou nome geográfico PRATICA CULTURAL
650 ## - ASSUNTO--TERMO TÓPICO
Cabeçalho tópico ou nome geográfico RORAIMA
650 ## - ASSUNTO--TERMO TÓPICO
Cabeçalho tópico ou nome geográfico CERRADO
909 ## -
-- 202312
-- Lúcia Elande
-- 55
-- Lúcia Elande
942 ## - ELEMENTOS DE ENTRADA ADICIONADOS (KOHA)
Fonte da classificação ou esquema de arquivamento na estante Classificação AGRIS
Ocultar no OPAC Não
Tipo de material Koha Monografia Seriada
Exemplares
Situação do descarte Fonte da classificação ou esquema de arquivamento na estante Situação física Não pode ser emprestado Coleção Biblioteca de origem Biblioteca atual Localização na estante Total de empréstimos Número de telefone completo Código de barras Data de último acesso Tipo de material Koha Fonte de aquisição
  Classificação AGRIS       Biblioteca Nacional de Agricultura - Binagri Biblioteca Nacional de Agricultura - Binagri Agrobase - Acervo Geral   0150 BR8400026 0150 BR8400026 18/12/2023 Monografia Seriada Portaria Interministerial nº 164/94

BINAGRI

Telefone: (61)3218-2567/2388/3357/2097 - binagri@agro.gov.br

Ministério da Agricultura e Pecuária , Esplanada dos Ministérios, Bloco D, Anexo B, Brasília/DF, CEP: 70.043-900